000 00509nam a2200181Ia 4500
005 20250326123439.0
008 250326s9999 xx 000 0 und d
037 _aTextbook
040 _aFMSL
_beng
_cFMSL
041 _aeng
_2eng
084 _aX:74.1 P5
_qFMSL
100 _aDasgupta B
_9129437
245 0 _aGlobalisation : India's adjustment experience
_cDasgupta B
260 _aNew Delhi
_bNew Delhi, Sage
_c2005
300 _a282p
942 _cTB
_hX:74.1 P5
999 _c1269401
_d1269401